Estadísticas para Municipis de la comarca del Baix Penedès (Catalunya)

Haz click aquí para intentar la prueba.

Estadísticas generales

  • Esta prueba ha sido intentada 67 veces
  • La puntuación promedio es 9 de 14

Estadísticas de respuestas

HintRespuesta% Correcto
VEl Vendrell
100%
CCalafell
77%
CCunit
77%
AL'Arboç
77%
BPBanyeres del Penedès
68%
BPLa Bisbal del Penedès
59%
SOSanta Oliva
59%
MEl Montmell
55%
SJDSant Jaume dels Domenys
55%
LPLlorenç del Penedès
50%
AAlbinyana
45%
BBellvei
45%
BBonastre
41%
MMasllorenç
41%

Distribución de puntuación

Porcentaje por número respondido

Porcentaje de gente con cada puntuación

Historial de tus puntuaciones

No has intentado esta prueba.